[Event "Caracas Hybrid Rapid op"]
[Site "Caracas"]
[Date "2022.09.17"]
[Round "8"]
[White "Lombeida Roman, Alfonso Maria"]
[Black "Castaneda Quiames, Fabian Alejandro"]
[Result "1-0"]
[WhiteElo "1534"]
[BlackElo "1200"]
[PlyCount "57"]
[EventDate "2022.09.17"]
[EventType "swiss"]
[EventRounds "11"]
[EventCountry "VEN"]
[SourceTitle "EXT 2023"]
[Source "ChessBase"]
[SourceDate "2022.10.05"]
[SourceVersion "1"]
[SourceVersionDate "2022.10.05"]
[SourceQuality "1"]

1. e4 c5 2. Nf3 g6 3. d4 cxd4 4. Nxd4 Bg7 5. c4 Nc6 6. Be3 Nf6 7. Nc3 Ng4 8. Qxg4 Nxd4 9. Qd1 Ne6 10. Be2 d6 11. 0-0 0-0 12. Qc2 Bd7 13. Rad1 a6 14. Nd5 Bc6 15. f4 Bxd5 16. Rxd5 Rc8 17. f5 Nc7 18. Rd3 Qe8 19. Qd2 Qa4 20. Bh6 Ne8 21. Bxg7 Kxg7 22. Rh3 Rh8 23. Qh6+ Kf6 24. fxg6+ Ke5 25. Qf4+ Kd4 26. Qe3+ Ke5 27. Rh5+ Ke6 28. Qh3+ f5 29. Qxf5# 1-0

[Event "Caracas Hybrid Rapid op"]
[Site "Caracas"]
[Date "2022.09.17"]
[Round "9"]
[White "Ramirez Portuguez, Anderson Javier"]
[Black "Lombeida Roman, Alfonso Maria"]
[Result "1-0"]
[WhiteElo "1280"]
[BlackElo "1534"]
[PlyCount "103"]
[EventDate "2022.09.17"]
[EventType "swiss"]
[EventRounds "11"]
[EventCountry "VEN"]
[SourceTitle "EXT 2023"]
[Source "ChessBase"]
[SourceDate "2022.10.05"]
[SourceVersion "1"]
[SourceVersionDate "2022.10.05"]
[SourceQuality "1"]

1. e4 c5 2. Nf3 d6 3. d4 cxd4 4. Nxd4 Nf6 5. Nc3 Nc6 6. Be3 e5 7. Nb3 Be6 8. Be2 d5 9. exd5 Nxd5 10. Nxd5 Qxd5 11. Qxd5 Bxd5 12. 0-0 Be7 13. Rad1 0-0-0 14. c3 g5 15. Bb5 Kc7 16. Rd2 f5 17. Rfd1 Bf7 18. f3 a6 19. Bd3 Be6 20. Bf2 Rd7 21. Bb1 Rxd2 22. Rxd2 Rd8 23. Rxd8 Nxd8 24. Nc5 Bxc5 25. Bxc5 b6 26. Be7 Nf7 27. Kf2 Kd7 28. Bf8 Kc6 29. b3 b5 30. h4 gxh4 31. Be7 h3 32. gxh3 f4 33. h4 h6 34. Be4+ Kd7 35. Bf6 a5 36. Bg7 a4 37. Bc2 axb3 38. axb3 Kd6 39. Ke2 Bd5 40. b4 Ke6 41. Bd3 Bc4 42. Bxc4+ bxc4 43. Kd2 h5 44. b5 Nd6 45. b6 e4 46. Ke2 Kd7 47. Be5 exf3+ 48. Kxf3 Nb7 49. Bd4 Kc6 50. Kxf4 Nc5 51. Bxc5 Kxc5 52. b7 1-0